[Event "Cheliabinsk-ch final"]
[Site "Cheliabinsk"]
[Date "2013.01.27"]
[Round "9"]
[White "Polosin, Evgeni"]
[Black "Korostelev, Stanislav"]
[Result "1-0"]
[WhiteElo "2045"]
[BlackElo "2133"]
[PlyCount "65"]
[EventDate "2013.01.15"]
[EventType "swiss"]
[EventRounds "9"]
[EventCountry "RUS"]
[SourceTitle "EXT 2014"]
[Source "ChessBase"]
[SourceDate "2013.11.20"]
[SourceVersion "1"]
[SourceVersionDate "2013.11.20"]
[SourceQuality "1"]

1. e4 Nf6 2. Nc3 d5 3. exd5 Nxd5 4. Bc4 Nb6 5. Bb3 Nc6 6. a4 Nd4 7. Ba2 Bf5 8. d3 a5 9. Nf3 e6 10. Nxd4 Qxd4 11. Be3 Qd7 12. Bxb6 cxb6 13. Bc4 Qc7 14. Bb5+ Kd8 15. Qf3 Bb4 16. 0-0 Bxc3 17. bxc3 Ke7 18. Rfe1 Bg6 19. Rab1 Rhd8 20. Bc4 Rd6 21. h4 Qc6 22. Qg3 Kf8 23. Rb5 Rad8 24. Reb1 Qd7 25. Qe3 Kg8 26. g4 h5 27. gxh5 Bf5 28. Qf4 Kh7 29. Kh2 f6 30. Qg3 e5 31. Rxb6 Rxb6 32. Rxb6 Qxa4 33. Rxb7 1-0

[Event "Cheliabinsk-ch final"]
[Site "Cheliabinsk"]
[Date "2013.01.20"]
[Round "4"]
[White "Khazhipov, Timur"]
[Black "Korostelev, Stanislav"]
[Result "1/2-1/2"]
[WhiteElo "2134"]
[BlackElo "2133"]
[PlyCount "63"]
[EventDate "2013.01.15"]
[EventType "swiss"]
[EventRounds "9"]
[EventCountry "RUS"]
[SourceTitle "EXT 2014"]
[Source "ChessBase"]
[SourceDate "2013.11.20"]
[SourceVersion "1"]
[SourceVersionDate "2013.11.20"]
[SourceQuality "1"]

1. e4 Nf6 2. Nc3 d5 3. e5 Nfd7 4. d4 c5 5. f4 cxd4 6. Qxd4 e6 7. Nf3 Nc6 8. Qd1 Bc5 9. Bd3 Nb4 10. Be2 0-0 11. a3 Nc6 12. b4 Be7 13. Be3 f6 14. b5 Na5 15. 0-0 fxe5 16. fxe5 Qc7 17. Nxd5 exd5 18. Qxd5+ Kh8 19. Ng5 Bxg5 20. Bxg5 h6 21. Be7 Rg8 22. Bd6 Qd8 23. Bd3 Nb6 24. Qf7 Qe8 25. Qf4 Be6 26. Qh4 Bc4 27. Rf6 Bxd3 28. cxd3 Kh7 29. Qe4+ Kh8 30. Qh4 Kh7 31. Qe4+ Kh8 32. Qh4 1/2-1/2

[Event "Cheliabinsk Kibizov Memorial 4th"]
[Site "Cheliabinsk"]
[Date "2009.06.28"]
[Round "8"]
[White "Kozirev, Alexander"]
[Black "Korostelev, Stanislav"]
[Result "1-0"]
[WhiteElo "2348"]
[BlackElo "2120"]
[PlyCount "51"]
[EventDate "2009.06.21"]
[EventType "swiss"]
[EventRounds "9"]
[EventCountry "RUS"]
[SourceTitle "EXT 2012"]
[Source "ChessBase"]
[SourceDate "2011.11.24"]
[SourceVersion "1"]
[SourceVersionDate "2011.11.24"]
[SourceQuality "1"]

1. e4 Nf6 2. e5 Nd5 3. d4 d6 4. Nf3 Bg4 5. Be2 e6 6. 0-0 Be7 7. c4 Nb6 8. Nc3 0-0 9. h3 Bh5 10. Be3 d5 11. c5 Bxf3 12. gxf3 Nc8 13. b4 Bh4 14. f4 f5 15. Kh2 Ne7 16. Rg1 b6 17. Na4 c6 18. b5 Nd7 19. Rc1 Rc8 20. bxc6 Nxc6 21. Bb5 bxc5 22. Nxc5 Nxc5 23. Rxc5 Qb6 24. Qh5 Be7 25. Qh6 Rf7 26. Qxe6 1-0

[Event "Cheliabinsk Cup"]
[Site "Cheliabinsk"]
[Date "2008.09.03"]
[Round "2"]
[White "Kholopov, Alexander A"]
[Black "Korostelev, Stanislav"]
[Result "1-0"]
[WhiteElo "2294"]
[BlackElo "2134"]
[PlyCount "72"]
[EventDate "2008.09.02"]
[EventType "swiss"]
[EventRounds "9"]
[EventCountry "RUS"]
[SourceTitle "EXT 2010"]
[Source "ChessBase"]
[SourceDate "2010.11.25"]
[SourceVersion "1"]
[SourceVersionDate "2010.11.25"]
[SourceQuality "1"]

1. c4 e5 2. Nc3 Nc6 3. g3 Bc5 4. Bg2 d6 5. e3 Nge7 6. Nge2 a5 7. 0-0 0-0 8. d4 Bb6 9. b3 Bd7 10. h3 Qc8 11. Kh2 exd4 12. exd4 Nf5 13. Nd5 Ba7 14. Bb2 Re8 15. Qd2 Nce7 16. Ndc3 Ng6 17. Rae1 Bc6 18. d5 Bd7 19. Ne4 Qd8 20. Qc3 h5 21. Qd2 b5 22. Nf4 Nxf4 23. Qxf4 bxc4 24. bxc4 Rb8 25. Bc3 Bd4 26. Bxd4 Nxd4 27. Nxd6 cxd6 28. Qxd4 Qc7 29. Bf3 g6 30. Qf6 Rxe1 31. Rxe1 Re8 32. Re7 Rxe7 33. Qxe7 Qa7 34. c5 dxc5 35. d6 c4 36. Kg2 Kg7 1-0

[Event "Cheliabinsk Region Cup 5th"]
[Site "Cheliabinsk"]
[Date "2007.09.07"]
[Round "6"]
[White "Bashkov, Viacheslav"]
[Black "Korostelev, Stanislav"]
[Result "1-0"]
[WhiteElo "2316"]
[BlackElo "2184"]
[PlyCount "75"]
[EventDate "2007.09.02"]
[EventType "swiss"]
[EventRounds "9"]
[EventCountry "RUS"]
[SourceTitle "EXT 2022"]
[Source "ChessBase"]
[SourceDate "2021.10.06"]
[SourceVersion "1"]
[SourceVersionDate "2021.10.06"]
[SourceQuality "1"]

1. Nf3 Nf6 2. g3 g6 3. d4 Bg7 4. Bg2 0-0 5. 0-0 d6 6. Nc3 Nbd7 7. e4 e5 8. h3 c6 9. a4 Re8 10. Re1 a5 11. Be3 Qc7 12. Qd2 Nf8 13. Rad1 Ne6 14. g4 h5 15. g5 Nh7 16. d5 Nd4 17. Nxd4 exd4 18. Bxd4 Bxd4 19. Qxd4 Nxg5 20. dxc6 bxc6 21. Qxd6 Qa7 22. Qg3 Qe7 23. h4 Ne6 24. e5 Nc5 25. Bxc6 Be6 26. Bxa8 Rxa8 27. Nd5 Bxd5 28. Rxd5 Ne6 29. b3 Qb4 30. Re3 Rc8 31. c4 Qa3 32. Rxa5 Re8 33. Ra6 Qc1+ 34. Kg2 Qc2 35. Rxe6 Rxe6 36. Qf4 g5 37. hxg5 Qc1 38. Rf3 1-0

[Event "Cheliabinsk Region Cup 5th"]
[Site "Cheliabinsk"]
[Date "2007.09.03"]
[Round "2"]
[White "Dvoirys, Semen I"]
[Black "Korostelev, Stanislav"]
[Result "1/2-1/2"]
[WhiteElo "2577"]
[BlackElo "2184"]
[PlyCount "89"]
[EventDate "2007.09.02"]
[EventType "swiss"]
[EventRounds "9"]
[EventCountry "RUS"]
[SourceTitle "EXT 2022"]
[Source "ChessBase"]
[SourceDate "2021.10.06"]
[SourceVersion "1"]
[SourceVersionDate "2021.10.06"]
[SourceQuality "1"]

1. Nf3 Nf6 2. c4 e6 3. g3 d5 4. Bg2 Be7 5. 0-0 0-0 6. d4 c6 7. Nbd2 b6 8. Qc2 Ba6 9. Ne5 Nfd7 10. Nd3 Nf6 11. Rd1 Nbd7 12. e4 dxe4 13. Nxe4 Bb7 14. Nc3 Qc8 15. Qe2 Re8 16. g4 b5 17. c5 Nd5 18. g5 Nxc3 19. bxc3 e5 20. Nxe5 Bxc5 21. f4 Bb6 22. Be3 Nxe5 23. dxe5 Qf5 24. Qf2 Qg4 25. Bxb6 axb6 26. h3 Qh5 27. Qxb6 Rxa2 28. Rxa2 Qxd1+ 29. Kh2 Qc1 30. Rf2 Ba8 31. Qc5 g6 32. h4 Qe1 33. h5 gxh5 34. Bf3 Rd8 35. Bxh5 Rd2 36. Rxd2 Qxd2+ 37. Kg3 Qe1+ 38. Kg2 Qd2+ 39. Kf3 Qd1+ 40. Kg3 Qxh5 41. Qa7 Qh1 42. Qxa8+ Kg7 43. Qd8 Qe1+ 44. Kg4 Qe2+ 45. Kg3 1/2-1/2

[Event "Cheliabinsk Kibizov Memorial 2nd"]
[Site "Cheliabinsk"]
[Date "2007.07.05"]
[Round "5"]
[White "Zakharov, Igor1111"]
[Black "Korostelev, Stanislav"]
[Result "1-0"]
[WhiteElo "2182"]
[BlackElo "2184"]
[PlyCount "61"]
[EventDate "2007.07.01"]
[EventType "swiss"]
[EventRounds "9"]
[EventCountry "RUS"]
[SourceTitle "EXT 2022"]
[Source "ChessBase"]
[SourceDate "2021.10.06"]
[SourceVersion "1"]
[SourceVersionDate "2021.10.06"]
[SourceQuality "1"]

1. d4 d5 2. c4 e6 3. Nc3 c5 4. e3 Nc6 5. Nf3 Nf6 6. a3 Ne4 7. Nxe4 dxe4 8. Nd2 f5 9. dxc5 Bxc5 10. b4 Bd6 11. Bb2 0-0 12. Qb3 Qe7 13. c5 Bc7 14. Nc4 a5 15. Rd1 axb4 16. axb4 Bd7 17. Be2 Kh8 18. 0-0 e5 19. Nd6 b6 20. b5 Nd8 21. Qd5 Rb8 22. Bxe5 Be6 23. Qd4 bxc5 24. Qxc5 Bb6 25. Qc3 Qg5 26. Nxe4 fxe4 27. Bxb8 h5 28. Qb4 Rf5 29. Qxe4 Bf7 30. h4 Qf6 31. Rd6 1-0

[Event "Moscow Victory Cup"]
[Site "Moscow"]
[Date "2007.05.10"]
[Round "7"]
[White "Bashkov, Viacheslav"]
[Black "Korostelev, Stanislav"]
[Result "1/2-1/2"]
[WhiteElo "2313"]
[BlackElo "2187"]
[PlyCount "38"]
[EventDate "2007.05.03"]
[EventType "swiss"]
[EventRounds "9"]
[EventCountry "RUS"]
[SourceTitle "EXT 2008"]
[Source "ChessBase"]
[SourceDate "2007.11.25"]
[SourceVersion "1"]
[SourceVersionDate "2007.11.25"]
[SourceQuality "1"]

1. d4 d5 2. Nf3 c5 3. g3 Nc6 4. Bg2 Nf6 5. 0-0 e6 6. c4 Be7 7. cxd5 exd5 8. Nc3 0-0 9. Bg5 cxd4 10. Nxd4 h6 11. Be3 Re8 12. Rc1 Bf8 13. h3 Ne5 14. Bf4 Ng6 15. Be3 Ne5 16. Rc2 a6 17. g4 Ng6 18. Nf3 Be6 19. Qd3 Qa5 1/2-1/2

[Event "Moscow Victory Cup"]
[Site "Moscow"]
[Date "2007.05.05"]
[Round "3"]
[White "Nikolaev, Evgeny"]
[Black "Korostelev, Stanislav"]
[Result "1-0"]
[WhiteElo "2252"]
[BlackElo "2187"]
[PlyCount "49"]
[EventDate "2007.05.03"]
[EventType "swiss"]
[EventRounds "9"]
[EventCountry "RUS"]
[SourceTitle "EXT 2008"]
[Source "ChessBase"]
[SourceDate "2007.11.25"]
[SourceVersion "1"]
[SourceVersionDate "2007.11.25"]
[SourceQuality "1"]

1. e4 c6 2. d4 d5 3. Nc3 dxe4 4. Nxe4 Nd7 5. c3 Ngf6 6. Ng3 e6 7. Nf3 Be7 8. Bd3 c5 9. 0-0 0-0 10. Ne5 Qc7 11. Qe2 b6 12. f4 Re8 13. Ne4 h6 14. Ng5 Rf8 15. Ng6 Re8 16. Nxe6 Qd6 17. f5 fxg6 18. Bf4 Qc6 19. Bb5 Qe4 20. Qxe4 Nxe4 21. fxg6 Nef6 22. Nc7 Rf8 23. Bxd7 Bxd7 24. Nxa8 Rxa8 25. Rae1 1-0

[Event "Cheliabinsk Postovalov Memorial 1st"]
[Site "Cheliabinsk"]
[Date "2007.01.10"]
[Round "5"]
[White "Korostelev, Stanislav"]
[Black "Guz, Oleg"]
[Result "1-0"]
[WhiteElo "2194"]
[BlackElo "2069"]
[PlyCount "51"]
[EventDate "2007.01.05"]
[EventType "swiss"]
[EventRounds "9"]
[EventCountry "RUS"]
[SourceTitle "EXT 2010"]
[Source "ChessBase"]
[SourceDate "2010.11.25"]
[SourceVersion "1"]
[SourceVersionDate "2010.11.25"]
[SourceQuality "1"]

1. e4 c5 2. d4 cxd4 3. Nf3 a6 4. c3 dxc3 5. Nxc3 e6 6. Bf4 Nc6 7. Bc4 b5 8. Bb3 Nge7 9. 0-0 Ng6 10. Bg3 Be7 11. e5 0-0 12. Qe2 f5 13. exf6 gxf6 14. Rfe1 Qb6 15. h4 d5 16. h5 Nge5 17. Nxd5 exd5 18. Bxd5+ Kh8 19. Nxe5 fxe5 20. Rac1 Bb7 21. Qg4 Rad8 22. h6 Bf6 23. Bh4 Na5 24. Rc6 Qxf2+ 25. Bxf2 Bxc6 26. Bh4 1-0